000 01403nam2a22002771 4500
001 rc\4937340
005 20130426160704.2
035 _a(NLR Aleph) 008948380
090 _a8987388
_c8987388
100 _a20130426d1963 |||y0rusy50 ca
101 1 _arus
_cger
102 _aRU
105 _aa z |||||
200 1 _aРегулирование, прочность и динамические проблемы
_fПер. с нем. А.Е. Булкина и В.П. Новодережкина
_gПод ред. Б.М. Трояновского
210 _d1963
215 _a300 с.
_cил.
320 _aБиблиогр.: с. 3 (14 назв.), и библиогр. в конце разделов
461 0 _1001rc\4937338
_12001#$aТепловые турбомашины$e(Паровые и газовые турбины, компрессоры)$eТ. 1-2$vТ. 2
_1700#1$aТраупель$bВ.$gВальтер
_98987376
_aТраупель, В.
_cМосква
_d1961-1963
_nГосэнергоиздат
_o(Паровые и газовые турбины, компрессоры) : Т. 1-2
_p2 т.
_tТепловые турбомашины
_vТ. 2
702 1 _aНоводережкин
_bВ. П.
_4730
702 1 _aБулкин
_bА. Е.
_4730
702 1 _aТрояновский
_bБ. М.
_4340
801 0 _aRU
_bNLR
_gpsbo
801 1 _aRU
_bELAR
_2rusmarc
852 _aNLR
_j61-7/1203
942 _cBOOK
980 _aNB